| 000 | 00000cam 2200000za 4500 |
| 001 | 9.839425 |
| 003 | CaOODSP |
| 005 | 20260226132816 |
| 007 | cr ||||||||||| |
| 008 | 170711m20162017qucb o f000 0 fre d |
| 040 | |aCaOODSP|bfre |
| 041 | |afre|geng |
| 043 | |an-cn--- |
| 086 | 1 |aP29-003-005-2016F-PDF |
| 245 | 00|aEssence automobile |h[ressource électronique]. |
| 250 | |a[Édition de mai 2016]. |
| 260 | |aGatineau : |bOffice des normes générales du Canada : |bConseil canadien des normes, |c2016, 2017. |
| 300 | |ai, 33 p. : |bcartes |
| 490 | 1 |aNorme nationale du Canada ; |vno 3.5-2016 |
| 500 | |a« Mai 2016. » |
| 500 | |a« Expérience et excellence » -- Couv. |
| 500 | |aRemplace CAN/CGSB-3.5-2011. |
| 500 | |aPubl. aussi en anglais sous le titre : Automotive gasoline. |
| 500 | |aComprend un rectificatif, no 1, Juin 2016, et un modificatif, no 1, Janvier 2017. |
| 520 | |a« La présente norme s’applique à quatre qualités d’essence sans plomb ni phosphore qui sont destinées à être utilisées dans les moteurs à allumage commandé sous diverses conditions climatiques. » -- Objet. |
| 546 | |aNorme en français seulement, rectificatif et modificatif en anglais et en français. |
| 692 | 07|2gccst|aEssence |
| 692 | 07|2gccst|aNorme |
| 710 | 2 |aConseil canadien des normes. |
| 710 | 2 |aOffice des normes générales du Canada. |
| 775 | 08|tAutomotive gasoline |w(CaOODSP)9.839423 |
| 794 | |tEssence automobile.|b[Édition de octobre 2021]|w(CaOODSP)9.904473 |
| 830 | #0|aNorme nationale du Canada ;|vno 3.5-2016.|w(CaOODSP)9.504227 |
| 856 | 40|qPDF|s1.37 Mo|uhttps://publications.gc.ca/collections/collection_2017/ongc-cgsb/P29-003-005-2016-fra.pdf |
| 856 | 40|qPDF|s49 Ko|uhttps://publications.gc.ca/collections/collection_2017/ongc-cgsb/P29-003-005-2016-1.pdf |
| 856 | 40|qPDF|s74 Ko|uhttps://publications.gc.ca/collections/collection_2017/ongc-cgsb/P29-003-005-2016-2.pdf |
| 986 | |aICS 75.160.20 |